| 000 | 00645nam a2200157Ia 4500 | ||
|---|---|---|---|
| 001 | 6586 | ||
| 008 | 260622s9999 xx 000 0 und d | ||
| 020 | _a9789948381198 | ||
| 245 | 0 |
_aCrossroads: Cultural Exchange between the Islamic Civilization, Europe and Beyond = _bطرق التقاطع: التبادل الثقافي بين الحضارة الإسلامية، أوروبا وما بعدها |
|
| 260 |
_bSharjah Museums Authority; Al Nakheel Publications, Ras Al Khaima; _c2018 |
||
| 300 |
_a135p; _c27x22cm |
||
| 546 | _aEnglish; Arabic | ||
| 650 | _aN4390-5098 Visual Arts- Exhibitions | ||
| 650 |
_aTrade Routes _98984 |
||
| 942 | _cBKLET | ||
| 999 |
_c6586 _d6586 |
||